04184namaa22003131i 4500003000400000005001700004008004100021040004300062041001800105082000800123100007000131245028800201246010400489264001000593300006100603336002200664337002500686338002300711502007100734504004800805520159100853520104902444530004303493546009903536650003303635650003403668653009803702700007003800OSt20260418144632.0250827s2025 ua a|||frm||| 000 0 eng d aEG-GICUCbaracEG-GICUCdEG-GICUCerda0 aarabarabeng04a1700 a،نوران خالد عبد المنعم محمدeإعداد.10aمن الأخلاق الصورية إلي الأخلاق الإجتماعية :bدراسة في مبادئ فلسفة الحق عند هيجل /cإعداد نوران خالد عبد المنعم محمد؛ إشراف أ.د. أحمد عبد الحليم عطية.15aFrom formal ethics to social ethics :bA study in the principles of hegel’s philosophy of right / 0c2025. a188 صفحة :bإيضاحيات ؛ c25 سم. + eCD. atext2rda content aUnmediated2rdamedia avolume2rdacarrier aأطروحة (ماجستير)-جامعة القاهرة، 2025.  aببليوجرافيا: صفحات 177-183. aتسعى هذه الرسالة إلى دراسة تطور النظرية الأخلاقية عند هيجل، من الأخلاق الصورية التي تتمثل في التصورات الفردية المجردة، إلى الأخلاق الاجتماعية التي تتجلى في المؤسسات القانونية والسياسية والاجتماعية. تنطلق الدراسة من تتبع تأثر هيجل بالفكر الأخلاقي اليوناني، خاصة في مأساة أنتيجون، وتنتقل إلى تحليله ونقده للأخلاق الكانطية التي يراها شكلية ومنفصلة عن الواقع الملموس. كما تبحث الرسالة في التحولات التي طرأت على تصور هيجل للأخلاق في كتاباته اللاهوتية المبكرة وفي فينومينولوجيا الروح، حيث تُفهم الأخلاق كعملية جدلية لنمو الوعي الذاتي نحو الحرية. وتتوّج الدراسة في كتاب مبادئ فلسفة الحق الذي يعرض فيه هيجل رؤيته للأخلاق باعتبارها جزءًا من البنية الكلية للحق، حيث تتحقق الحرية ضمن مؤسسات الأسرة، والمجتمع المدني، والدولة. وتهدف الرسالة إلى إظهار كيف تجاوز هيجل الطابع الفردي والذاتي للأخلاق نحو تأسيسها على العقلانية والواقع الاجتماعي والسياسي a This thesis explores the development of Hegel’s ethical theory, tracing the transition from formal, abstract morality to socially embodied ethics within legal, political, and institutional frameworks. The study begins by examining Hegel’s engagement with Greek ethical thought, particularly the tragedy of Antigone, and moves to his critical analysis of Kantian morality, which he regards as overly formal and detached from concrete reality. It then investigates the evolution of Hegel’s ethical thinking in his early theological writings and in the Phenomenology of Spirit, where ethics is viewed as a dialectical process of self-consciousness unfolding toward freedom. The study culminates in an analysis of The Philosophy of Right, where Hegel articulates ethics as a component of the rational structure of right, achieved through the institutions of family, civil society, and the state. The thesis demonstrates how Hegel overcomes the limitations of subjective morality by grounding ethics in rational, social, and political reality aصدر أيضًا كقرص مدمج. aالنص بالعربية والملخص باللغة الإنجليزية والعربية. 7aعلم الاخلاق2qrmak 7aالفلسفة الغربية 0aالأخلاق الصوريةaالأخلاق الاجتماعيةaالحق المجرد0 aأحمد عبد الحليم عطيةeمشرف أطروحة.